Návod na človeka

Pojem neurolingvistické programovanie. Účinný nástroj na riešenie manažérskych, líderských, rodinných, či zdravotných cieľov. Spojenie najúčinnejšieho z psychológie a terapie. Autori tohto systému: počítačový odborník a terapeut Richard Bandler a jazykovedec John Grinder. Ceny kurzov NLP.

Salvato in:
Dettagli Bibliografici
Autore principale: Orfánus, Dominik
Natura: Capitolo di libro
Lingua:slovacco
Soggetti:
Tags: Aggiungi Tag
Nessun Tag, puoi essere il primo ad aggiungerne!!

MARC

LEADER 00000naa a2200000 4500
001 0136622
005 20240502072530.1
041 0 |a slo 
044 |a SK 
245 1 0 |a Návod na človeka  |c Dominik Orfánus 
520 |a Pojem neurolingvistické programovanie. Účinný nástroj na riešenie manažérskych, líderských, rodinných, či zdravotných cieľov. Spojenie najúčinnejšieho z psychológie a terapie. Autori tohto systému: počítačový odborník a terapeut Richard Bandler a jazykovedec John Grinder. Ceny kurzov NLP. 
610 2 0 |a psychológia 
610 2 0 |a správanie 
610 2 0 |a komunikácia 
610 2 0 |a kurzy 
100 1 |a Orfánus, Dominik